书目信息 |
| 题名: |
高等教育心理学
|
|
| 作者: | 燕良轼 主编 ;湖南省教育厅 组编 | |
| 分册: | ||
| 出版信息: | 长沙 湖南大学出版社 2005.08 |
|
| 页数: | 534页 | |
| 开本: | 20cm | |
| 丛书名: | ||
| 单 册: | ||
| 中图分类: | G44 | |
| 科图分类: | ||
| 主题词: | 高等教育心理学--gao deng jiao yu xin li xue--教材 | |
| 电子资源: | ||
| ISBN: | 7-81053-971-X | |
| 000 | 00958nam0 2200265 450 | |
| 001 | 012006362479 | |
| 005 | 20060630151349.17 | |
| 010 | @a7-81053-971-X@dCNY22.00 | |
| 100 | @a20060610d2005 km y0chiy0120 ea | |
| 101 | 0 | @achi |
| 102 | @aCN@b430000 | |
| 105 | @ay a 000yy | |
| 200 | 1 | @a高等教育心理学@Agao deng jiao yu xin li xue@f燕良轼主编@Fyan liang shi zhu bian |
| 210 | @a长沙@c湖南大学出版社@d2005.08 | |
| 215 | @a534页@d20cm | |
| 300 | @a高等学校教师岗前培训教材 | |
| 304 | @a湖南省教育厅组编 | |
| 320 | @a有书目 (第529-532页)。 | |
| 330 | @a本书介绍了高等教育活动中的学生学习和教师教学的心理规律、心理现象,并对利用这些规律提高教与学的效率以及培养学生健全的人格的途径与方法进行了论述。 | |
| 606 | 0 | @a高等教育心理学@Agao deng jiao yu xin li xue@j教材 |
| 690 | @aG44@v4 | |
| 701 | 0 | @a燕良轼@Ayan liang shi@4主编 |
| 712 | 02 | @a湖南省教育厅@Ahu nan sheng jiao yu ting@4组编 |
| 801 | 0 | @aCN@bQSSK@c20060630 |
| 905 | @a10447@dG44@eY036 | |
| 高等教育心理学/燕良轼主编.-长沙:湖南大学出版社,2005.08 |
| 534页;20cm |
| 高等学校教师岗前培训教材 |
| ISBN 7-81053-971-X:CNY22.00 |
| 本书介绍了高等教育活动中的学生学习和教师教学的心理规律、心理现象,并对利用这些规律提高教与学的效率以及培养学生健全的人格的途径与方法进行了论述。 |
| ● |
| 相关链接 |
|
|
|
正题名:高等教育心理学
索取号:G44/Y036
 
预约/预借
| 序号 | 登录号 | 条形码 | 馆藏地/架位号 | 状态 | 备注 |
| 1 | 583122 | 205831224 | 社科库409/409社科库 3排2列4层/ [索取号:G44/Y036] | 在馆 | |
| 2 | 583123 | 205831233 | 社科库409/409社科库 3排2列4层/ [索取号:G44/Y036] | 在馆 | |
| 3 | 583124 | 205831242 | 社科库409/409社科库 3排2列4层/ [索取号:G44/Y036] | 在馆 |